[Event "World Chess Olympiad 2018"]
[Site "Batumi"]
[Date "2018.10.02"]
[Round "8"]
[Board "2"]
[WhiteFideId "7700156"]
[White "Harper Ryan"]
[BlackFideId "2260409"]
[Black "Aloma Vidal Robert"]
[Result "1-0"]
[LiveChessVersion "1.4.8"]
[BlackElo "2428"]
[WhiteElo "2226"]

1. e4 {[%clk 1:30:57]} e6 {[%clk 1:30:40]} 2. d4 {[%clk 1:30:42]} d5
{[%clk 1:31:00]} 3. Nc3 {[%clk 1:30:05]} Bb4 {[%clk 1:31:22]} 4. e5
{[%clk 1:29:32]} c5 {[%clk 1:31:43]} 5. a3 {[%clk 1:29:56]} Ba5 {[%clk 1:32:07]}
6. b4 {[%clk 1:29:32]} cxd4 {[%clk 1:32:22]} 7. bxa5 {[%clk 1:28:33]} dxc3
{[%clk 1:32:26]} 8. Qg4 {[%clk 1:27:50]} Ne7 {[%clk 1:27:12]} 9. Qxg7
{[%clk 1:26:50]} Rg8 {[%clk 1:27:32]} 10. Qxh7 {[%clk 1:27:17]} Nbc6
{[%clk 1:27:37]} 11. Nf3 {[%clk 1:27:20]} Qc7 {[%clk 1:25:50]} 12. Bf4
{[%clk 1:18:36]} Bd7 {[%clk 1:23:25]} 13. a6 {[%clk 1:07:58]} O-O-O
{[%clk 1:23:43]} 14. Qd3 {[%clk 0:39:16]} d4 {[%clk 1:10:46]} 15. Rb1
{[%clk 0:35:35]} b6 {[%clk 1:09:43]} 16. Bg3 {[%clk 0:21:58]} Rg4
{[%clk 0:43:46]} 17. Be2 {[%clk 0:18:08]} Nd5 {[%clk 0:35:24]} 18. O-O
{[%clk 0:12:34]} Nf4 {[%clk 0:23:55]} 19. Bxf4 {[%clk 0:12:28]} Rxf4
{[%clk 0:24:18]} 20. Rfe1 {[%clk 0:12:43]} f6 {[%clk 0:15:08]} 21. g3
{[%clk 0:10:36]} Rg8 {[%clk 0:13:30]} 22. exf6 {[%clk 0:09:44]} e5
{[%clk 0:12:45]} 23. Qh7 {[%clk 0:07:05]} Be6 {[%clk 0:11:28]} 24. f7
{[%clk 0:05:06]} Bxf7 {[%clk 0:10:04]} 25. Bd1 {[%clk 0:03:47]} Qe7
{[%clk 0:05:50]} 26. Rb5 {[%clk 0:02:54]} e4 {[%clk 0:04:35]} 27. Rf5
{[%clk 0:02:35]} Rxf5 {[%clk 0:02:33]} 28. Qxf5+ Qd7 29. Qxd7+ {[%clk 0:02:37]}
Kxd7 {[%clk 0:03:31]} 30. Rxe4 {[%clk 0:02:00]} Bg6 {[%clk 0:01:52]} 31. Rg4
{[%clk 0:01:26]} Bxc2 {[%clk 0:01:35]} 32. Rxg8 {[%clk 0:00:10]} Bxd1
{[%clk 0:02:01]} 33. Ne1 {[%clk 0:00:46]} c2 {[%clk 0:00:40]} 34. Nxc2
{[%clk 0:00:47]} Bxc2 {[%clk 0:01:09]} 35. Kf1 {[%clk 0:01:16]} Bd3+
{[%clk 0:00:36]} 36. Ke1 {[%clk 0:01:36]} Bxa6 {[%clk 0:00:57]} 37. h4
{[%clk 0:01:59]} Ke7 {[%clk 0:00:41]} 38. h5 {[%clk 0:01:48]} Kf7
{[%clk 0:01:04]} 39. Rg5 {[%clk 0:01:57]} Bd3 {[%clk 0:01:05]} 40. f4
{[%clk 0:31:38]} Be4 {[%clk 0:30:41]} 41. h6 {[%clk 0:24:46]} Kf8
{[%clk 0:24:34]} 42. f5 {[%clk 0:21:54]} Ne5 {[%clk 0:23:55]} 43. h7
{[%clk 0:21:39]} Nf7 {[%clk 0:23:50]} 44. g4 {[%clk 0:22:05]} Nxg5
{[%clk 0:23:22]} 45. h8=Q+ {[%clk 0:22:31]} Kf7 {[%clk 0:23:48]} 46. Qh5+
{[%clk 0:22:48]} 1-0

[Event "World Chess Olympiad 2018"]
[Site "Batumi"]
[Date "2018.10.02"]
[Round "8"]
[Board "3"]
[WhiteFideId "6900020"]
[White "Garcia Paolicchi Raul"]
[BlackFideId "7700750"]
[Black "Winter Atwell Adrian"]
[Result "0-1"]
[LiveChessVersion "1.4.8"]
[BlackElo "2221"]
[WhiteElo "2176"]

1. d4 {[%clk 1:30:57]} d5 {[%clk 1:30:43]} 2. c4 {[%clk 1:31:07]} e6
{[%clk 1:30:55]} 3. Nf3 {[%clk 1:31:24]} Nf6 {[%clk 1:31:00]} 4. g3
{[%clk 1:31:32]} c6 {[%clk 1:27:11]} 5. Qc2 {[%clk 1:31:02]} Bd6 {[%clk 1:26:19]}
6. Nbd2 {[%clk 1:29:44]} O-O {[%clk 1:25:56]} 7. Bg2 {[%clk 1:29:55]} Nbd7
{[%clk 1:25:43]} 8. O-O {[%clk 1:28:20]} e5 {[%clk 1:25:39]} 9. cxd5
{[%clk 1:26:23]} cxd5 {[%clk 1:25:19]} 10. dxe5 {[%clk 1:26:41]} Nxe5
{[%clk 1:25:29]} 11. Nxe5 {[%clk 1:26:29]} Bxe5 {[%clk 1:25:51]} 12. Nf3
{[%clk 1:26:32]} Bd6 {[%clk 1:25:03]} 13. Rd1 {[%clk 1:24:00]} h6
{[%clk 1:23:45]} 14. Nd4 {[%clk 1:19:43]} Re8 {[%clk 1:15:49]} 15. Nb5
{[%clk 1:11:59]} Be5 {[%clk 1:13:07]} 16. Be3 {[%clk 1:07:21]} Bg4
{[%clk 1:09:47]} 17. f3 {[%clk 0:49:35]} Bd7 {[%clk 1:06:25]} 18. Nc3
{[%clk 0:33:52]} Bxg3 {[%clk 1:01:56]} 19. hxg3 {[%clk 0:34:00]} Rxe3
{[%clk 1:02:07]} 20. Qd2 {[%clk 0:33:56]} Qb6 {[%clk 1:01:55]} 21. Qd4
{[%clk 0:33:54]} Qxd4 {[%clk 0:59:27]} 22. Rxd4 {[%clk 0:34:17]} Bc6
{[%clk 0:59:30]} 23. Rad1 {[%clk 0:33:34]} Rae8 {[%clk 0:58:24]} 24. R4d3
{[%clk 0:30:57]} R3e7 {[%clk 0:55:10]} 25. R1d2 {[%clk 0:30:54]} a5
{[%clk 0:53:30]} 26. a4 {[%clk 0:29:58]} h5 {[%clk 0:53:28]} 27. Rd4
{[%clk 0:29:33]} g6 {[%clk 0:52:26]} 28. Bh3 {[%clk 0:28:52]} Kg7
{[%clk 0:52:21]} 29. Kf2 {[%clk 0:28:58]} Re5 {[%clk 0:51:16]} 30. Bg2
{[%clk 0:28:19]} R5e7 {[%clk 0:50:33]} 31. Bh3 {[%clk 0:28:16]} g5
{[%clk 0:50:13]} 32. Bf5 {[%clk 0:28:31]} Rh8 {[%clk 0:49:25]} 33. Rd1
{[%clk 0:28:07]} Re5 {[%clk 0:46:42]} 34. Bc2 {[%clk 0:26:16]} h4
{[%clk 0:45:37]} 35. gxh4 {[%clk 0:25:32]} Rxh4 {[%clk 0:45:34]} 36. Rxh4
{[%clk 0:21:25]} gxh4 {[%clk 0:45:50]} 37. e3 {[%clk 0:21:09]} Nd7
{[%clk 0:42:51]} 38. Rh1 {[%clk 0:12:49]} Rh5 {[%clk 0:43:22]} 39. Ne2
{[%clk 0:12:47]} Nc5 {[%clk 0:42:04]} 40. Nf4 {[%clk 0:40:21]} Rh6
{[%clk 1:11:12]} 41. b3 {[%clk 0:38:43]} Ne6 {[%clk 1:11:02]} 42. Ne2
{[%clk 0:38:03]} Kf6 {[%clk 1:10:22]} 43. Bd3 {[%clk 0:32:09]} Ke5
{[%clk 1:09:28]} 44. Rd1 {[%clk 0:18:47]} Kd6 {[%clk 1:07:22]} 45. Rc1
{[%clk 0:17:56]} h3 {[%clk 1:05:04]} 46. Ng3 {[%clk 0:18:13]} Rh8
{[%clk 1:04:38]} 47. Ne2 {[%clk 0:15:27]} Ke5 {[%clk 1:01:59]} 48. Kg3
{[%clk 0:13:07]} Bd7 {[%clk 1:01:24]} 49. f4+ {[%clk 0:10:53]} Kd6
{[%clk 1:01:08]} 50. Bf5 {[%clk 0:10:20]} Rg8+ {[%clk 0:53:02]} 51. Kxh3
{[%clk 0:07:41]} Nxf4+ {[%clk 0:53:12]} 52. Nxf4 {[%clk 0:08:06]} Bxf5+
{[%clk 0:53:30]} 53. Kh2 {[%clk 0:08:29]} Re8 {[%clk 0:51:39]} 54. Rc3
{[%clk 0:07:53]} Rc8 {[%clk 0:50:25]} 55. Rxc8 {[%clk 0:07:46]} Bxc8
{[%clk 0:50:50]} 56. Ne2 {[%clk 0:07:41]} Kc5 {[%clk 0:51:06]} 57. Kg3
{[%clk 0:07:42]} Kb4 {[%clk 0:50:20]} 58. Nd4 {[%clk 0:07:57]} Kc3
{[%clk 0:49:59]} 59. Kf4 {[%clk 0:07:29]} Bd7 {[%clk 0:48:18]} 60. Kf3
{[%clk 0:07:05]} f6 {[%clk 0:46:35]} 61. Kf4 {[%clk 0:06:51]} Kd3 62. Kf3 Kc3
{[%clk 0:45:32]} 63. Kf4 {[%clk 0:07:13]} Bh3 {[%clk 0:45:00]} 64. Kf3
{[%clk 0:04:00]} Bf1 {[%clk 0:45:00]} 65. Kf4 {[%clk 0:03:26]} Bd3
{[%clk 0:45:11]} 0-1

[Event "World Chess Olympiad 2018"]
[Site "Batumi"]
[Date "2018.10.02"]
[Round "8"]
[Board "4"]
[WhiteFideId "7700148"]
[White "Merritt Mario"]
[BlackFideId "6900089"]
[Black "Jose Queralto Daniel"]
[Result "0-1"]
[LiveChessVersion "1.4.8"]
[BlackElo "2096"]
[WhiteElo "2175"]

1. c4 {[%clk 1:30:58]} e5 {[%clk 1:30:55]} 2. Nc3 {[%clk 1:31:18]} d6
{[%clk 1:31:18]} 3. Nf3 {[%clk 1:31:26]} f5 {[%clk 1:31:16]} 4. d4
{[%clk 1:31:41]} e4 {[%clk 1:31:06]} 5. Ng5 {[%clk 1:29:58]} Be7 {[%clk 1:30:07]}
6. Nh3 {[%clk 1:29:43]} Nf6 {[%clk 1:29:27]} 7. e3 {[%clk 1:26:33]} c6
{[%clk 1:28:04]} 8. Nf4 {[%clk 1:26:15]} O-O {[%clk 1:24:39]} 9. h4
{[%clk 1:25:50]} g6 {[%clk 1:24:33]} 10. Bd2 {[%clk 1:24:36]} Na6
{[%clk 1:23:55]} 11. Be2 {[%clk 1:15:10]} Nc7 {[%clk 1:18:45]} 12. b4
{[%clk 1:15:30]} Ne6 {[%clk 1:14:32]} 13. g3 {[%clk 1:15:40]} Nxf4
{[%clk 1:13:50]} 14. gxf4 {[%clk 1:16:07]} h5 {[%clk 1:13:13]} 15. Qc2
{[%clk 1:12:24]} Be6 {[%clk 1:11:28]} 16. O-O-O {[%clk 1:11:48]} Qe8
{[%clk 1:09:38]} 17. Rdg1 {[%clk 1:04:57]} Qf7 {[%clk 1:08:33]} 18. Kb1
{[%clk 0:59:40]} Kh7 {[%clk 1:04:12]} 19. Nd1 {[%clk 0:58:04]} b5
{[%clk 0:52:41]} 20. d5 {[%clk 0:58:12]} cxd5 {[%clk 0:44:00]} 21. cxb5
{[%clk 0:58:30]} d4 {[%clk 0:41:34]} 22. exd4 {[%clk 0:57:15]} Rfc8
{[%clk 0:41:34]} 23. Qb2 {[%clk 0:55:12]} Bxa2+ {[%clk 0:39:41]} 24. Qxa2
{[%clk 0:54:48]} Qxa2+ {[%clk 0:40:04]} 25. Kxa2 {[%clk 0:54:54]} Rc2+
{[%clk 0:40:29]} 26. Kb3 {[%clk 0:54:49]} Rxd2 {[%clk 0:40:53]} 27. Bc4
{[%clk 0:54:52]} d5 {[%clk 0:38:43]} 28. Kc3 {[%clk 0:55:00]} Rxd1
{[%clk 0:39:05]} 29. Rxd1 {[%clk 0:55:28]} Rc8 {[%clk 0:39:25]} 30. Ra1
{[%clk 0:55:45]} Rxc4+ {[%clk 0:39:20]} 31. Kd2 {[%clk 0:55:59]} Bxb4+
{[%clk 0:37:27]} 32. Ke2 {[%clk 0:55:49]} Rc2+ {[%clk 0:36:14]} 33. Kd1
{[%clk 0:55:43]} Rc7 {[%clk 0:34:58]} 34. Ke2 {[%clk 0:55:23]} Kg7
{[%clk 0:31:16]} 35. Ra4 {[%clk 0:53:13]} Bc3 {[%clk 0:28:35]} 36. Rc1
{[%clk 0:53:30]} Ne8 {[%clk 0:28:53]} 37. Rb1 {[%clk 0:51:28]} Nd6
{[%clk 0:26:32]} 38. Rb3 {[%clk 0:50:51]} Kf7 {[%clk 0:23:01]} 39. Ra6
{[%clk 0:47:22]} Ke7 {[%clk 0:18:03]} 40. Rc6 {[%clk 1:12:57]} Ba5
{[%clk 0:47:19]} 41. Rc5 {[%clk 1:12:42]} Ne8 {[%clk 0:28:28]} 42. Rg3
{[%clk 1:09:02]} Kf7 {[%clk 0:24:50]} 43. Rxd5 {[%clk 1:08:48]} Nf6
{[%clk 0:25:15]} 44. Rc5 {[%clk 1:01:29]} Rd7 {[%clk 0:25:34]} 45. Rc4
{[%clk 1:00:36]} Nd5 {[%clk 0:25:36]} 46. Ra3 {[%clk 1:00:18]} Nxf4+
{[%clk 0:25:28]} 47. Kf1 {[%clk 0:58:42]} Bb6 {[%clk 0:25:40]} 48. f3
{[%clk 0:58:57]} exf3 {[%clk 0:25:27]} 49. Rxf3 {[%clk 0:59:21]} Ne6
{[%clk 0:25:32]} 50. Kg2 {[%clk 0:58:56]} Rxd4 {[%clk 0:24:59]} 51. Rfc3
{[%clk 0:59:01]} Rxc4 {[%clk 0:24:29]} 52. Rxc4 {[%clk 0:59:29]} Nd4
{[%clk 0:24:47]} 53. Rb4 {[%clk 0:59:40]} Kf6 0-1

[Event "World Chess Olympiad 2018"]
[Site "Batumi"]
[Date "2018.10.02"]
[Round "8"]
[Board "1"]
[WhiteFideId "405817"]
[White "Greet Andrew N"]
[BlackFideId "32500122"]
[Black "Deng Khor Kuol Michael"]
[Result "1-0"]
[LiveChessVersion "1.4.8"]
[BlackElo "2000"]
[WhiteElo "2441"]

1. d4 {[%clk 1:30:49]} d5 {[%clk 1:29:33]} 2. c4 {[%clk 1:30:56]} e6
{[%clk 1:29:44]} 3. Nf3 {[%clk 1:31:08]} Nf6 {[%clk 1:29:57]} 4. g3
{[%clk 1:31:32]} Bb4+ {[%clk 1:28:55]} 5. Bd2 {[%clk 1:31:51]} Bxd2+
{[%clk 1:29:06]} 6. Nbxd2 {[%clk 1:32:14]} O-O {[%clk 1:29:04]} 7. Bg2
{[%clk 1:32:27]} Nbd7 {[%clk 1:29:20]} 8. O-O {[%clk 1:32:35]} b6
{[%clk 1:28:39]} 9. cxd5 {[%clk 1:27:10]} exd5 {[%clk 1:28:08]} 10. Qc2
{[%clk 1:19:04]} Bb7 {[%clk 1:27:06]} 11. b4 {[%clk 1:18:40]} Rc8
{[%clk 1:26:17]} 12. Rab1 {[%clk 1:17:58]} Re8 {[%clk 1:23:13]} 13. e3
{[%clk 1:18:05]} Ne4 {[%clk 1:22:53]} 14. Rfc1 {[%clk 1:17:39]} Qe7
{[%clk 1:21:27]} 15. Bh3 {[%clk 1:08:19]} Nxd2 {[%clk 1:01:23]} 16. Qxd2
{[%clk 1:01:23]} c6 {[%clk 0:58:26]} 17. a4 {[%clk 1:00:37]} Rc7 {[%clk 0:56:44]}
18. a5 {[%clk 1:00:45]} Nf6 {[%clk 0:54:43]} 19. Bg2 {[%clk 1:00:18]} Ne4
{[%clk 0:54:36]} 20. Qa2 {[%clk 0:59:54]} f6 {[%clk 0:50:03]} 21. Ne1
{[%clk 0:57:35]} Kf8 {[%clk 0:46:27]} 22. Nd3 {[%clk 0:55:48]} Rd8
{[%clk 0:42:09]} 23. Rb3 {[%clk 0:45:17]} Nd6 {[%clk 0:30:46]} 24. Rbc3
{[%clk 0:44:22]} Nc4 {[%clk 0:27:59]} 25. a6 {[%clk 0:27:55]} Bc8
{[%clk 0:27:48]} 26. Rxc4 {[%clk 0:24:14]} dxc4 {[%clk 0:27:57]} 27. Qxc4
{[%clk 0:24:34]} Be6 {[%clk 0:27:44]} 28. Qc3 {[%clk 0:23:57]} Bd5
{[%clk 0:27:35]} 29. e4 {[%clk 0:17:51]} Bf7 {[%clk 0:26:17]} 30. Nf4
{[%clk 0:11:10]} Qd6 {[%clk 0:19:53]} 31. Ne2 {[%clk 0:09:20]} Rcc8
{[%clk 0:12:14]} 32. f4 {[%clk 0:06:50]} Bh5 {[%clk 0:10:12]} 33. e5
{[%clk 0:07:09]} Qe7 {[%clk 0:08:46]} 34. Kf2 {[%clk 0:04:30]} Qd7
{[%clk 0:06:34]} 35. Bf3 {[%clk 0:04:06]} Qh3 {[%clk 0:05:41]} 36. exf6
{[%clk 0:03:30]} Bxf3 {[%clk 0:04:11]} 37. fxg7+ {[%clk 0:03:47]} Kg8
{[%clk 0:04:17]} 38. Kxf3 {[%clk 0:01:18]} Qxh2 {[%clk 0:04:00]} 39. g4
{[%clk 0:00:54]} Qh6 {[%clk 0:03:24]} 40. Qb3+ {[%clk 0:30:45]} Kxg7
{[%clk 0:33:31]} 41. Ng3 {[%clk 0:30:59]} Qg6 {[%clk 0:32:10]} 42. Nf5+
{[%clk 0:27:02]} Kf8 {[%clk 0:30:12]} 43. Rh1 {[%clk 0:24:50]} Rd5
{[%clk 0:17:29]} 44. Rh6 {[%clk 0:17:47]} Qf7 {[%clk 0:17:46]} 45. Qd3
{[%clk 0:10:33]} Rd7 {[%clk 0:13:43]} 46. g5 {[%clk 0:08:51]} Qd5+
{[%clk 0:12:56]} 47. Qe4 {[%clk 0:05:50]} Qxe4+ {[%clk 0:10:46]} 48. Kxe4
{[%clk 0:06:17]} c5 {[%clk 0:10:13]} 49. Rf6+ {[%clk 0:05:16]} Kg8
{[%clk 0:10:11]} 50. bxc5 {[%clk 0:05:33]} bxc5 {[%clk 0:10:35]} 51. d5
{[%clk 0:01:53]} Re8+ {[%clk 0:08:38]} 52. Re6 {[%clk 0:02:15]} Rxe6+
{[%clk 0:08:38]} 53. dxe6 {[%clk 0:02:42]} Rd1 {[%clk 0:08:36]} 54. Ke5
{[%clk 0:02:11]} c4 {[%clk 0:08:14]} 55. Kf6 {[%clk 0:02:31]} c3 {[%clk 0:06:17]}
56. e7 {[%clk 0:02:52]} Re1 {[%clk 0:05:25]} 57. Nh6+ {[%clk 0:03:17]} Kh8
{[%clk 0:04:34]} 58. Nf7+ {[%clk 0:03:40]} 1-0

[Event "World Chess Olympiad 2018"]
[Site "Batumi"]
[Date "2018.10.02"]
[Round "8"]
[Board "2"]
[WhiteFideId "32500149"]
[White "Deng Ateny Riak Joseph"]
[BlackFideId "2401878"]
[Black "Tate Alan"]
[Result "0-1"]
[LiveChessVersion "1.4.8"]
[BlackElo "2345"]
[WhiteElo "2014"]

1. e4 {[%clk 1:30:57]} g6 {[%clk 1:30:40]} 2. Nc3 {[%clk 1:30:59]} Bg7
{[%clk 1:31:02]} 3. d4 {[%clk 1:31:09]} d6 {[%clk 1:31:17]} 4. Be3
{[%clk 1:30:53]} a6 {[%clk 1:31:10]} 5. Bd3 {[%clk 1:30:39]} b5 {[%clk 1:26:39]}
6. a3 {[%clk 1:29:47]} Nd7 {[%clk 1:25:46]} 7. Nce2 {[%clk 1:24:23]} Bb7
{[%clk 1:25:34]} 8. c3 {[%clk 1:21:48]} Ngf6 {[%clk 1:22:15]} 9. Ng3
{[%clk 1:21:56]} c5 {[%clk 1:19:18]} 10. f4 {[%clk 1:19:27]} cxd4
{[%clk 1:10:24]} 11. cxd4 {[%clk 1:16:00]} h5 {[%clk 1:07:53]} 12. Qf3
{[%clk 1:10:14]} Ng4 {[%clk 0:58:52]} 13. N1e2 {[%clk 1:09:48]} Nxe3
{[%clk 0:57:11]} 14. Qxe3 {[%clk 1:10:04]} h4 {[%clk 0:56:35]} 15. Nf1
{[%clk 1:10:05]} Qb6 {[%clk 0:53:26]} 16. b4 {[%clk 1:00:17]} a5 {[%clk 0:45:52]}
17. Rb1 {[%clk 0:57:34]} axb4 {[%clk 0:45:18]} 18. axb4 {[%clk 0:57:34]} Ra3
{[%clk 0:44:15]} 19. Nd2 {[%clk 0:55:14]} e5 {[%clk 0:43:08]} 20. O-O
{[%clk 0:45:48]} exd4 {[%clk 0:36:13]} 21. Qh3 {[%clk 0:45:33]} Nf6
{[%clk 0:27:49]} 22. Nc1 {[%clk 0:43:23]} Rc3 {[%clk 0:26:17]} 23. e5
{[%clk 0:38:37]} Ne4 {[%clk 0:25:11]} 24. Nxe4 {[%clk 0:32:20]} Bxe4
{[%clk 0:25:32]} 25. exd6 {[%clk 0:27:35]} O-O {[%clk 0:22:05]} 26. Rd1
{[%clk 0:27:09]} Bf6 {[%clk 0:20:21]} 27. Qg4 {[%clk 0:25:06]} Bxd3
{[%clk 0:19:58]} 28. Nxd3 {[%clk 0:25:15]} Qxd6 {[%clk 0:20:03]} 29. Nc5
{[%clk 0:21:14]} d3 {[%clk 0:18:38]} 30. Kh1 {[%clk 0:20:32]} Qd4
{[%clk 0:14:50]} 31. Qf3 {[%clk 0:16:38]} d2 {[%clk 0:07:57]} 32. Qe2
{[%clk 0:15:14]} Rd8 {[%clk 0:08:17]} 33. Ne4 {[%clk 0:13:42]} Rc2
{[%clk 0:07:02]} 34. Nxf6+ {[%clk 0:12:04]} Qxf6 {[%clk 0:07:29]} 35. Qxb5
{[%clk 0:09:45]} Qxf4 {[%clk 0:07:49]} 36. Qe2 {[%clk 0:07:02]} Rc1
{[%clk 0:07:06]} 37. h3 {[%clk 0:05:57]} Rdc8 {[%clk 0:06:40]} 38. Qa6
{[%clk 0:02:12]} Rxd1+ {[%clk 0:06:32]} 39. Rxd1 {[%clk 0:02:23]} Rc1
{[%clk 0:06:52]} 40. Qe2 {[%clk 0:32:35]} Rxd1+ {[%clk 0:36:32]} 0-1

[Event "World Chess Olympiad 2018"]
[Site "Batumi"]
[Date "2018.10.02"]
[Round "8"]
[Board "1"]
[WhiteFideId "14800063"]
[White "Abrantes Persson"]
[BlackFideId "21500150"]
[Black "Al Ghamdi Ahmed M"]
[Result "0-1"]
[LiveChessVersion "1.4.8"]
[BlackElo "2126"]
[WhiteElo "2055"]

1. d4 {[%clk 1:30:20]} Nf6 {[%clk 1:30:22]} 2. c4 {[%clk 1:30:42]} d6
{[%clk 1:30:16]} 3. Nc3 {[%clk 1:31:00]} Nbd7 {[%clk 1:30:15]} 4. e4
{[%clk 1:31:24]} e5 {[%clk 1:30:25]} 5. d5 {[%clk 1:31:27]} Nc5 {[%clk 1:30:31]}
6. Bg5 {[%clk 1:31:18]} Be7 {[%clk 1:28:43]} 7. Bxf6 {[%clk 1:31:40]} Bxf6
{[%clk 1:28:42]} 8. b4 {[%clk 1:32:04]} Nd7 {[%clk 1:28:32]} 9. Nf3
{[%clk 1:32:14]} O-O {[%clk 1:27:32]} 10. Bd3 {[%clk 1:32:03]} g6
{[%clk 1:26:18]} 11. O-O {[%clk 1:32:22]} Bg7 {[%clk 1:26:16]} 12. Qc2
{[%clk 1:32:12]} Nf6 {[%clk 1:24:37]} 13. h3 {[%clk 1:31:57]} Nh5
{[%clk 1:24:17]} 14. Ne2 {[%clk 1:30:15]} f5 {[%clk 1:20:30]} 15. c5
{[%clk 1:26:26]} f4 {[%clk 1:14:58]} 16. Rfc1 {[%clk 1:26:14]} g5
{[%clk 1:12:27]} 17. cxd6 {[%clk 1:25:49]} cxd6 {[%clk 1:12:40]} 18. Qc7
{[%clk 1:25:29]} Qf6 {[%clk 1:12:45]} 19. Kf1 {[%clk 1:23:24]} Rf7
{[%clk 1:09:08]} 20. Qa5 {[%clk 1:21:17]} b6 {[%clk 1:04:20]} 21. Qa3
{[%clk 1:21:19]} g4 {[%clk 1:01:59]} 22. hxg4 {[%clk 1:21:17]} Bxg4
{[%clk 1:02:06]} 23. Rc6 {[%clk 1:20:02]} Bxf3 {[%clk 0:52:02]} 24. gxf3
{[%clk 1:20:29]} Qh4 {[%clk 0:51:55]} 25. Ba6 {[%clk 1:17:21]} Qh3+
{[%clk 0:52:03]} 26. Ke1 {[%clk 1:17:36]} Nf6 {[%clk 0:49:25]} 27. Qc3
{[%clk 1:16:48]} Nxd5 {[%clk 0:37:17]} 28. exd5 {[%clk 1:11:04]} e4
{[%clk 0:36:43]} 29. Nd4 {[%clk 1:10:59]} Re8 {[%clk 0:30:20]} 30. Rxd6
{[%clk 0:54:51]} e3 {[%clk 0:29:30]} 31. Re6 {[%clk 0:53:47]} Rd8
{[%clk 0:22:32]} 32. Bf1 {[%clk 0:49:08]} Qxf3 {[%clk 0:22:22]} 33. fxe3
{[%clk 0:35:28]} fxe3 {[%clk 0:21:55]} 34. Nxf3 {[%clk 0:35:28]} Bxc3+
{[%clk 0:21:52]} 35. Ke2 {[%clk 0:35:57]} Bxa1 {[%clk 0:21:51]} 36. Kxe3
{[%clk 0:36:15]} Kf8 {[%clk 0:17:43]} 37. Bc4 {[%clk 0:33:58]} Re7
{[%clk 0:15:57]} 38. Nh4 {[%clk 0:28:36]} Bc3 {[%clk 0:09:31]} 39. a3
{[%clk 0:26:59]} b5 {[%clk 0:08:54]} 40. Bb3 {[%clk 0:47:52]} Rxe6+
{[%clk 0:38:39]} 41. dxe6 {[%clk 0:48:18]} Bf6 {[%clk 0:38:40]} 42. Nf5
{[%clk 0:47:52]} Rc8 {[%clk 0:36:12]} 43. Kd2 {[%clk 0:46:50]} h5 44. Ng3
{[%clk 0:39:24]} h4 {[%clk 0:34:53]} 45. Ne4 {[%clk 0:39:51]} Ke7
{[%clk 0:34:01]} 46. Ke3 {[%clk 0:37:32]} h3 {[%clk 0:34:13]} 47. Kf4
{[%clk 0:37:33]} h2 {[%clk 0:33:31]} 48. Ng3 {[%clk 0:37:52]} Rc3
{[%clk 0:33:20]} 49. Nf5+ {[%clk 0:38:20]} Kd8 {[%clk 0:33:10]} 50. Bd5
{[%clk 0:38:44]} Rc1 {[%clk 0:31:05]} 51. Ng3 {[%clk 0:38:03]} Ra1
{[%clk 0:31:04]} 52. Kf5 {[%clk 0:38:22]} Be7 {[%clk 0:31:14]} 0-1

[Event "World Chess Olympiad 2018"]
[Site "Batumi"]
[Date "2018.10.02"]
[Round "8"]
[Board "2"]
[WhiteFideId "21501564"]
[White "Masrahi Abdulrahman A"]
[BlackFideId "14800268"]
[Black "Calicoca Wilton Inacio"]
[Result "0-1"]
[LiveChessVersion "1.4.8"]
[BlackElo "2135"]
[WhiteElo "1879"]

1. d4 {[%clk 1:30:54]} Nf6 {[%clk 1:30:47]} 2. Nf3 {[%clk 1:31:17]} d5
{[%clk 1:31:08]} 3. Bf4 {[%clk 1:31:39]} c6 {[%clk 1:28:42]} 4. e3
{[%clk 1:30:12]} Bf5 {[%clk 1:28:54]} 5. c4 {[%clk 1:29:14]} Bxb1
{[%clk 1:19:06]} 6. Qxb1 {[%clk 1:18:59]} e6 {[%clk 1:12:14]} 7. Bd3
{[%clk 1:10:52]} Bb4+ {[%clk 1:10:15]} 8. Ke2 {[%clk 1:11:09]} Bd6
{[%clk 1:09:32]} 9. Bg3 {[%clk 1:00:17]} dxc4 {[%clk 1:08:27]} 10. Bxc4
{[%clk 1:00:17]} O-O {[%clk 1:08:55]} 11. Qc2 {[%clk 0:55:00]} Re8
{[%clk 0:54:27]} 12. Rac1 {[%clk 0:47:31]} Be7 {[%clk 0:52:44]} 13. Qb3
{[%clk 0:44:37]} Qc8 {[%clk 0:39:20]} 14. Ne5 {[%clk 0:37:17]} Nh5
{[%clk 0:33:01]} 15. f4 {[%clk 0:35:22]} Bd6 {[%clk 0:29:58]} 16. f5
{[%clk 0:19:55]} b5 {[%clk 0:09:20]} 17. fxe6 {[%clk 0:17:26]} fxe6
{[%clk 0:09:06]} 18. Bxb5 {[%clk 0:15:41]} Nxg3+ {[%clk 0:06:31]} 19. hxg3
{[%clk 0:16:03]} Bxe5 {[%clk 0:06:43]} 20. dxe5 {[%clk 0:16:23]} Qc7
{[%clk 0:03:01]} 21. Qc2 {[%clk 0:13:33]} g6 {[%clk 0:01:40]} 22. Qe4
{[%clk 0:13:24]} Qb6 {[%clk 0:01:41]} 23. Bd3 {[%clk 0:12:41]} Qxb2+
{[%clk 0:01:15]} 24. Rc2 {[%clk 0:12:07]} Qb7 {[%clk 0:01:42]} 25. Qg4
{[%clk 0:10:53]} Qg7 {[%clk 0:01:55]} 26. Qd4 {[%clk 0:06:29]} Nd7
{[%clk 0:02:00]} 27. Rxc6 {[%clk 0:06:28]} Nxe5 {[%clk 0:02:10]} 28. Rc5
{[%clk 0:06:37]} Nxd3 {[%clk 0:02:11]} 29. Qxg7+ {[%clk 0:06:25]} Kxg7
{[%clk 0:02:40]} 30. Rc7+ {[%clk 0:06:45]} Kf6 {[%clk 0:02:14]} 31. Kxd3
{[%clk 0:07:03]} h5 {[%clk 0:02:40]} 32. Ke4 {[%clk 0:06:27]} Rec8
{[%clk 0:02:28]} 33. Rhc1 {[%clk 0:06:08]} Rxc7 {[%clk 0:02:51]} 34. Rxc7
{[%clk 0:06:36]} a5 {[%clk 0:02:57]} 35. Rc5 {[%clk 0:05:29]} a4 {[%clk 0:03:20]}
36. a3 {[%clk 0:05:57]} Ra7 {[%clk 0:02:31]} 37. Kf4 {[%clk 0:06:04]} Rb7
{[%clk 0:02:10]} 38. Rc4 {[%clk 0:06:23]} Ra7 {[%clk 0:02:02]} 39. Rc5
{[%clk 0:06:47]} Rb7 {[%clk 0:01:17]} 40. Rc4 {[%clk 0:36:41]} g5+
{[%clk 0:31:36]} 41. Ke4 {[%clk 0:37:07]} Rb2 {[%clk 0:28:37]} 42. Rxa4
{[%clk 0:25:51]} Rxg2 {[%clk 0:29:04]} 43. Kf3 {[%clk 0:25:02]} Ra2
{[%clk 0:25:43]} 44. Ra5 {[%clk 0:24:36]} Rc2 {[%clk 0:22:14]} 45. Rb5
{[%clk 0:20:54]} Rc4 {[%clk 0:17:25]} 46. Kf2 {[%clk 0:17:03]} e5
{[%clk 0:14:57]} 47. Rb4 {[%clk 0:06:23]} Rxb4 {[%clk 0:12:00]} 48. axb4
{[%clk 0:06:48]} e4 {[%clk 0:12:08]} 0-1